States With 100+ fatality Tornadoes - Statistics

General Stats
  • This quiz has been taken 50 times
  • The average score is 11 of 14
Answer Stats
Hint Answer % Correct
3 Texas
98%
1 Oklahoma
95%
1 Kansas
88%
3 Missouri
88%
3 Illinois
79%
1 Indiana
79%
3 Mississippi
79%
1 Georgia
72%
1 Michigan
70%
1 Nebraska
70%
1 Iowa
67%
2 Louisiana
67%
1 Wisconsin
60%
1 West Virginia
49%
No matching quizzes found
Score Distribution
Percent of People with Each Score
Percentile by Number Answered
Your Score History
You have not taken this quiz